| 000 | 00742nam a2200205 a 4500 | ||
|---|---|---|---|
| 003 | 0 | ||
| 005 | 20250315102824.0 | ||
| 008 | 071127s19uu xx 00 eng d | ||
| 050 |
_aPGS ML 3830.P47 _b.M434 2007 |
||
| 100 | _aMatschuck, Christian. | ||
| 245 |
_aThe perceived effects of the music preference on the behavior of middle school students / _cChristian Matschuck. |
||
| 260 |
_aLas PiƱas City, Philippines : _bSouthville International School and Colleges, _c2007. |
||
| 300 |
_a32 pages : _billustrations ; _c28 cm. |
||
| 504 | _aIncludes bibliographical references. | ||
| 650 |
_aMusic _vPsychological aspects. |
||
| 650 | _aMusic and youth. | ||
| 650 | _aStudent behavior. | ||
| 650 |
_aMusic _vInfluence. |
||
| 942 |
_2lcc _cPASS |
||
| 999 |
_c97748 _d97748 |
||